Pequeña empresa y medio ambiente: un enfoque regional /

Na minha lista:
Detalhes bibliográficos
Autor principal: Domínguez Villalobos, Lilia
Formato: Texto
Assuntos:
Tags: Adicionar Tag
Sem tags, seja o primeiro a adicionar uma tag!

MARC

LEADER 00000 a a2200000 04500
001 5366
003
040
100 |a Domínguez Villalobos, Lilia  
245 |a Pequeña empresa y medio ambiente:   |b un enfoque regional /  |c Lilia Domínguez Villalobos 
500 |a Este trabajo es parte de uno más amplio publicado en: Necesidades Medio Ambiente y Desarrollo, volumen 61, Chile 2003  
650 |a PEQUEÑAS EMPRESAS  
650 |a ASPECTOS AMBIENTALES  
650 |a GESTION AMBIENTAL  
650 |a EFECTOS SOBRE EL MEDIO AMBIENTE  
650 |a MEXICO  
773 |g número 333; páginas 26-46  
999 |c 28879  |d 28879